Bác Hồ với phụ nữ, thiếu niên và nhi đồng
Gồm một số bài viết, bài nói, thư, điện và những câu chuyện thể hiện tình cảm, sự quan tâm của Hồ Chủ tịch với thiếu niên, nhi đồng, phụ nữ
Saved in:
| Format: | Book |
|---|---|
| Language: | Undetermined |
| Published: |
Hà Nội
Lao Động
2008
|
| Subjects: | |
| Tags: |
Add Tag
No Tags, Be the first to tag this record!
|
| Institutions: | Trung tâm Học liệu Trường Đại học Cần Thơ |
|---|
| LEADER | 00941nam a2200217Ia 4500 | ||
|---|---|---|---|
| 001 | CTU_142440 | ||
| 008 | 210402s9999 xx 000 0 und d | ||
| 020 | |c 32000 | ||
| 082 | |a 895.9223 | ||
| 082 | |b B101 | ||
| 245 | 0 | |a Bác Hồ với phụ nữ, thiếu niên và nhi đồng | |
| 245 | 0 | |c Xuân Thanh biên soạn | |
| 260 | |a Hà Nội | ||
| 260 | |b Lao Động | ||
| 260 | |c 2008 | ||
| 520 | |a Gồm một số bài viết, bài nói, thư, điện và những câu chuyện thể hiện tình cảm, sự quan tâm của Hồ Chủ tịch với thiếu niên, nhi đồng, phụ nữ | ||
| 650 | |a Communist parties,Vietnam,Đảng cộng sản,Việt Nam | ||
| 650 | |x Biography,History, 1918-1945,Tiểu sẻ,Lịch sử, 1918-1945 | ||
| 650 | |z Vietnam,Việt Nam | ||
| 904 | |i Trọng Hiếu | ||
| 980 | |a Trung tâm Học liệu Trường Đại học Cần Thơ | ||